Indian Self Rule (Record no. 353091)
[ view plain ]
| 000 -LEADER | |
|---|---|
| fixed length control field | 00689nam a2200133Ia 4500 |
| 008 - FIXED-LENGTH DATA ELEMENTS--GENERAL INFORMATION | |
| fixed length control field | 171212s9999 xx 000 0 und d |
| 020 ## - INTERNATIONAL STANDARD BOOK NUMBER | |
| International Standard Book Number | 9780874211801 |
| 100 ## - MAIN ENTRY--PERSONAL NAME | |
| Personal name | Philp, Kenneth |
| 245 ## - TITLE STATEMENT | |
| Statement of responsibility, etc | Philp, Kenneth |
| Title | Indian Self Rule |
| Remainder of title | First-Hand Accounts of Indian-White Relations from Roosevelt to Reagan |
| 260 ## - PUBLICATION, DISTRIBUTION, ETC. (IMPRINT) | |
| Name of publisher, distributor, etc | University Press of Colorado |
| Date of publication, distribution, etc | 1986 |
| 650 ## - SUBJECT ADDED ENTRY--TOPICAL TERM | |
| Topical term or geographic name as entry element | History |
| 650 ## - SUBJECT ADDED ENTRY--TOPICAL TERM | |
| Topical term or geographic name as entry element | Indians of North America -- Government relations -- 1934–; Indians of North America -- Politics and government; Indians of North America -- Social conditions; United States. Indian Reorganization Act; Self-determination, National -- United States |
| 856 ## - ELECTRONIC LOCATION AND ACCESS | |
| Uniform Resource Identifier | <a href="www.jstor.org/stable/10.2307/j.ctt46nr85">www.jstor.org/stable/10.2307/j.ctt46nr85</a> |
| Withdrawn status | Lost status | Damaged status | Home library | Current library | Date acquired | Total Checkouts | Full call number | Date last seen | Price effective from | Koha item type |
|---|---|---|---|---|---|---|---|---|---|---|
| College Library | College Library | 12/12/2017 | E93.1466 1994 | 12/12/2017 | 12/12/2017 | Curriculum - Based eBooks |